Explorer (Record no. 118816)

MARC details
000 -LEADER
fixed length control field 00617cas a22001815a 4500
001 - CONTROL NUMBER
control field L130948
008 - FIXED-LENGTH DATA ELEMENTS--GENERAL INFORMATION
fixed length control field 050920d1990 xxkfr p 0 a0eng u
035 ## - SYSTEM CONTROL NUMBER
System control number (Sirsi) u130948
041 0# - LANGUAGE CODE
Language code of text/sound track or separate title eng
110 2# - MAIN ENTRY--CORPORATE NAME
Corporate name or jurisdiction name as entry element Royal Institution of Chartered Surveyors
9 (RLIN) 4900
245 00 - TITLE STATEMENT
Title Explorer
Remainder of title RICS Research and Information Newsletter
260 ## - PUBLICATION, DISTRIBUTION, ETC.
Place of publication, distribution, etc. London
Name of publisher, distributor, etc. RICS
Date of publication, distribution, etc. 1990-
362 ## - DATES OF PUBLICATION AND/OR SEQUENTIAL DESIGNATION
Dates of publication and/or sequential designation (1) February 1990-(5) June 1992
554 ## -
-- Two per year
651 #4 - SUBJECT ADDED ENTRY--GEOGRAPHIC NAME
Geographic name United Kingdom
Chronological subdivision
690 ## - LOCAL SUBJECT ADDED ENTRY--TOPICAL TERM (OCLC, RLIN)
Topical term or geographic name as entry element ABOUT RICS-RICS STRUCTURE AND GOVERNANCE-RICS DEPARTMENTS-RICS BRAND AND MEMBERSHIP SERVICES-RICS PUBLIC POLICY AND RESEARCH
942 ## - ADDED ENTRY ELEMENTS (KOHA)
Suppress in OPAC 0
Holdings
Withdrawn status Lost status Source of classification or shelving scheme Damaged status Not for loan Home library Current library Shelving location Date acquired Total Checkouts Full call number Barcode Date last seen Price effective from Koha item type
    Dewey Decimal Classification     London London Basement 20/09/2005   EXPLORER 130948-1001 06/08/2019 06/08/2019 Journal